| 000 | 00997nam a2200241Ia 4500 | ||
|---|---|---|---|
| 008 | 130821s1999 sp gr spa | ||
| 020 | _a8481641855 | ||
| 040 |
_aCo-BoUCM _bspa |
||
| 041 | 0 | 0 | _aspa |
| 100 | 1 | _aBustos Ramirez, Juan J. | |
| 245 | 1 | 0 |
_aLecciones de derecho penal _cJuan J. Bustos Ramírez, Hernan Hormaz bal Malaree |
| 260 |
_aMadrid (España) _bTrotta _c1999 |
||
| 300 | _a2 volúmenes | ||
| 490 |
_aColección Estructuras y Procesos. _aSerie Derecho |
||
| 504 | _aIncluye bibliografía e índice | ||
| 505 |
_gV. 1 _tFundamentos del sistema panal, esquema de la teoría del delito y del sujeto responsable y teoría de la determinación de la pena. -- _gV. 2 _tTeoría del delito del sujeto responsable y circustancias del delito. |
||
| 650 | 0 | 4 |
_aDelitos _912564 |
| 650 | 0 | 4 |
_aDerecho penal _912805 |
| 650 | 0 | 4 |
_aResponsabilidad penal _923684 |
| 700 | 1 | _aHormazabal Malaree, Hernan | |
| 942 |
_cLIBRORESER _2DEWEY _a8 _e1 _h345 _mB982L |
||
| 999 |
_c29847 _d29847 |
||